00358nam a22001217a 450000500170000000800410001704000070005804100080006508200180007324500860009126000410017770000180021820240316101246.0240316b ||||| |||| 00| 0 eng d cAL aeng 223a368bSTUD aStudy on Consumer Preferences on Policies in New India Assurance Company Limited: aMangalorebSt Aloysius Collegec2004 aAHMED (Nawaz)